| 000 | 01079nam a2200289 a 4500 | ||
|---|---|---|---|
| 001 | 000013697 | ||
| 003 | DO-SdBNP | ||
| 005 | 20221116121720.0 | ||
| 008 | 091127s1984 dr 001 0 spa d | ||
| 040 |
_aDO-SdBNP _bspa _cBPMSU |
||
| 082 | 4 |
_aRD864.42 _bH519L 1984 _222 |
|
| 245 | 0 | 3 |
_aEl libro jubilar de Pedro Henríquez Ureña / _ccompilacion y prólogo de Julio Jaime Julia. |
| 260 |
_aSanto Domingo : _bPublicaciones UNPHU, _c1984. |
||
| 300 |
_av. ; _c21 cm. |
||
| 490 | 0 | _aEdiciones de la Universidad Nacional Pedro Henríquez Ureña. | |
| 500 | _a | ||
| 590 | _6Inventariado, 2022/VM | ||
| 600 |
_a Henríquez Ureña, Pedro _d1884-1946 _v Ensayos, conferencias, etc |
||
| 650 | 4 |
_aAutores dominicanos _xCrítica e interpretación |
|
| 650 | 4 |
_aEnsayos dominicanos _xHistoria y crítica |
|
| 650 | 4 | _aLiteratura dominicana | |
| 700 | 1 |
_aJulia, Julio Jaime, _d1922-1993 _ecomp. |
|
| 700 | 1 |
_aHenríquez Ureña, Pedro, _d1884-1946. |
|
| 710 | 2 | _aUniversidad Nacional Pedro Henríquez Ureña (República Dominicana) | |
| 910 | _aVMateo V./Validado | ||
| 942 |
_2ddc _cBK |
||
| 999 |
_c14332 _d14332 |
||